Quản lý chất lượng trong công nghiệp thực phẩm.

Uloženo v:
Podrobná bibliografie
Hlavní autor: Hà Duyên Tư
Médium: Kniha
Jazyk:Vietnamese
Vydáno: Khoa học kỹ thuật, 2006.
Témata:
Tagy: Přidat tag
Žádné tagy, Buďte první, kdo otaguje tento záznam!
Thư viện lưu trữ: Mạng thư viện Đại học Đà Nẵng
LEADER 01016nam a2200313 a 4500
001 000001967
003 02639
005 20220609100704.0
008 171229s2006 vie
040 |a LSK 
041 0 |a VIE 
082 0 |a 664.07  |b HA-T 
100 1 |a Hà Duyên Tư 
245 0 0 |a Quản lý chất lượng trong công nghiệp thực phẩm. 
260 |b Khoa học kỹ thuật,  |c 2006. 
300 |a 188 pages ;  |c 24 cm. 
653 |a Công nghiệp thực phẩm 
852 |a Phòng Đọc - Phòng Mượn 
901 |a 18 
927 |a Sách chuyên khảo 
OWN |a LSK 
AVA |a UDN50  |b LSK  |d 664.07 HA-T  |e check_holdings  |t Error 5003 Not defined in file expand_doc_bib_avail.  |h N  |k 1 
999 |a From the UDN01 
AVA |a UDN50  |b LSK  |d 664.07 HA-T  |e available  |t Error 5001 Not defined in file expand_doc_bib_avail.  |f 18  |g 0  |h N  |i 0  |k 1 
TYP |a Monograph 
TYP |a Printed language 
980 |a Mạng thư viện Đại học Đà Nẵng